Państwa bez ambasady USA - Statystyki

Ogólne statystyki
  • Ten quiz został rozwiązany 14 razy
  • Średni wynik to 15 z 30
Statystyki odpowiedzi
Lokalizacja Państwa % Poprawnych
Iran
100%
Korea Północna
91%
Syria
91%
Doha, Katar Afganistan
64%
Rijad, Arabia Saudyjska Jemen
64%
Andora
55%
Bridgetown, Barbados Grenada
55%
Bridgetown, Barbados Saint Kitts i Nevis
55%
Bridgetown, Barbados Saint Vincent i Grenadyny
55%
San Marino
55%
Tajwan
55%
Rzym, Włochy Watykan
55%
Bogota, Kolumbia Wenezuela
55%
Bridgetown, Barbados Antigua i Barbuda
45%
Bridgetown, Barbados Dominika
45%
Kiribati
45%
Tunis, Tunezja Libia
45%
Liechtenstein
45%
Nauru
45%
Bridgetown, Barbados Saint Lucia
45%
Samoa
45%
Tonga
45%
Tuvalu
45%
Malediwy
36%
Monako
36%
Vanuatu
36%
Gwinea Bissau
27%
Komory
27%
Wyspy Świętego Tomasza i Książeca
27%
Bhutan
9%
Nie znaleziono quizów pasujących do podanych kryteriów
Rozkład punktacji
Procent ludzi z każdym wynikiem
Percentyl według liczby udzielonych odpowiedzi
Twoja historia wyników
Nie rozwiązałeś tego quizu